| 000 | 00567nam a22001932 4500 | ||
|---|---|---|---|
| 001 | 0000002273 | ||
| 005 | 20170406114108.0 | ||
| 008 | 140304s xx 000 0 eng d | ||
| 020 |
_a9780892563326 : _c$ |
||
| 040 |
_aYour Holding Symbol _cYour Holding Symbol |
||
| 100 | 1 | _aCiabattari,Jane. | |
| 245 | 1 | 0 |
_aWinning moves : _bhow to come out ahead in a corporate shakeup. |
| 250 | _a ed. | ||
| 260 |
_aNew york : _bRawson associates, _c1988. |
||
| 300 |
_a327 p. ; _c cm. |
||
| 504 | _aindex. | ||
| 650 | 0 | _aoffice politics. | |
| 908 | _a140304 | ||
| 999 |
_c2164 _d2164 |
||